00418nam a22001337a 450000500170000000800410001702000150005808200170007310000200009024501000011026000400021030000110025065000230026120260408100053.0260408b |||||||| |||| 00| 0 eng d a0684801825 a332.1bSOL-T aSolomon, Steven aThe Confidence Game : bHow Unelected Central Bankers Are Governing the Changed Global Economy  aUSAbUnited State of America c1995 a606 p. aManagement Science